Zahl als Buchstabe - Statistiken

Allgemein
  • Dieses Quiz wurde 61 mal gespielt
  • Das Durchschnittsergebnis liegt bei 13 aus 16
Antwortstatistiken
Zah Buchstabe % Korrekt
2 B
100%
7 G
98%
4 D
96%
14 N
90%
11 K
88%
25 Y
87%
18 R
85%
9 I
81%
20 T
81%
3 C
73%
13 M
71%
16 P
67%
21 U
65%
8 H
62%
26 Z
60%
17 Q
56%
Keine übereinstimmenden Quizze gefunden
Verteilung der Resultate
Anzahl Personen mit jedem Resultat
Perzentil nach korrekt beantworteten Fragen
Ihre Resultats-Entwicklung
Sie haben dieses Quiz noch nicht gespielt